[Event "18th Bangkok Open 2018"]
[Site "Bangkok"]
[Date "2018.04.17"]
[Round "5"]
[White "Nie, Xinyang"]
[Black "Goh, Wei Ming Kevin"]
[Result "1/2-1/2"]
[WhiteElo "2334"]
[BlackElo "2472"]
[Annotator "TA"]
[PlyCount "38"]
[EventDate "2018.??.??"]
[EventType "swiss"]
[EventCountry "THA"]
[SourceTitle "playchess.com"]
[Source "ChessBase"]
[SourceQuality "1"]

{[%evp 20,38,26,22,28,22,30,18,18,0,0,0,0,0,0,0,0,-4,0,-11,-7]} 1. d4 Nf6 2. Nf3 g6 3. Nbd2 Bg7 4. e4 d6 5. Bd3 O-O 6. O-O Nc6 7. c3 e5 8. dxe5 Nxe5 9. Nxe5 dxe5 10. Nc4 Nh5 11. g3 {LiveBook: 22 Games. B07: Pirc Defence: Miscellaneous Systems} (11. Re1 Nf4 12. Bf1 Qf6 13. Be3 Rd8 14. Qc2 h5 15. Rad1 Rxd1 16. Rxd1 Bg4 17. f3 Be6 18. Qd2 h4 19. Nxe5 Nxg2 20. Bd4 h3 21. Bxg2 hxg2 22. Qxg2 Rd8 23. Nc6 bxc6 {0-1 (23) Kalegin,E (2482)-Zubov,A (2617) Voronezh 2012}) 11... b6 12. Be2 $146 ({Predecessor:} 12. a4 Bb7 13. a5 Qe8 14. Ne3 Rd8 15. Qc2 Qd7 16. Rd1 Qc6 17. b4 Nf6 18. b5 Qe6 {½-½ (43) Zagrebelny,S (2515)-Day,L (2370) Moscow 1994}) 12... Nf6 13. Qxd8 {White has an edge.} Rxd8 {The position is equal.} 14. Bg5 h6 15. Bxf6 $1 Bxf6 16. Rfd1 Bb7 17. f3 Bc6 18. Rxd8+ Rxd8 19. Rd1 Rxd1+ 1/2-1/2

[Event "18th Bangkok Open 2018"]
[Site "Bangkok"]
[Date "2018.04.17"]
[Round "5"]
[White "Duong, The Anh"]
[Black "Gareyev, Timur"]
[Result "0-1"]
[WhiteElo "2316"]
[BlackElo "2592"]
[Annotator "TA"]
[PlyCount "82"]
[EventDate "2018.??.??"]
[EventType "swiss"]
[EventCountry "THA"]
[SourceTitle "playchess.com"]
[Source "ChessBase"]
[SourceQuality "1"]

{[%evp 20,82,0,0,29,14,18,0,0,-4,-16,-17,29,-29,-25,-20,-25,-27,-44,-54,-37,-64,-23,-93,-72,-75,-85,-104,-91,-154,-149,-209,-181,-198,-165,-180,-160,-140,-142,-129,-118,-177,-179,-219,-225,-271,-275,-250,-257,-274,-275,-402,-460,-456,-447,-583,-577,-582,-570,-552,-520,-624,-619,-585,-576]} 1. d4 Nf6 2. Bg5 Ne4 3. Bf4 c5 4. f3 Qa5+ 5. c3 Nf6 6. Nd2 cxd4 7. Nb3 Qd8 8. cxd4 e6 {A45: Trompowsky Attack} 9. e4 d5 (9... Nc6 10. Ne2 d5 11. Nc3 dxe4 12. fxe4 Bb4 13. Bd3 e5 14. dxe5 Nh5 15. Be3 Bg4 16. Be2 {½-½ (47) Jobava,B (2705)-Ragger,M (2659) Germany 2018}) 10. e5 Nfd7 11. Bd3 {LiveBook: 5 Games} Qb6 12. Ne2 Nc6 13. Rc1 $146 ({Predecessor:} 13. Bd2 a5 14. a4 Bb4 15. Bb5 O-O 16. Bxb4 Nxb4 {½-½ (46) Tokman,A (2202)-Slipak,S (2446) Villa Martelli 2010}) 13... a5 {Threatening ...a4.} 14. a4 Bb4+ 15. Kf1 O-O 16. Bg3 (16. g3 $142) 16... f6 $11 17. exf6 Nxf6 {Hoping for ...Ng4.} 18. Bf2 Bd7 19. Bb5 Ne7 $36 {[%mdl 2048] Black fights for an advantage.} 20. Qd3 Rac8 21. Nc5 (21. g3 $11) 21... Bxc5 22. dxc5 Qc7 23. Nc3 e5 24. Bxd7 ({White should play} 24. Kg1) 24... Qxd7 $17 25. Qb5 (25. Kg1 $17) 25... Nc6 $19 {[%cal Be7c6,Bc6b4,Bb4d3,Bd3b2][%mdl 32]} 26. Kg1 Kh8 27. h3 Qf5 28. Rf1 d4 29. Ne2 Nb4 30. Ng3 (30. c6 $17 bxc6 31. Nxd4 cxb5 32. Nxf5) 30... Qc2 31. Qxb7 Rxc5 32. Kh2 Nd3 ({Not} 32... Qxa4 33. Qe7 $17) 33. Be1 Qxb2 ({But not} 33... Nf4 34. Rf2) 34. Qxb2 Nxb2 35. Ne4 (35. Nf5 {keeps fighting.}) 35... Nxe4 36. fxe4 {[%cal Rf1f8] [#] Black is clearly winning.} Kg8 37. Bh4 Rxf1 38. Rxf1 d3 39. Be7 {[%csl Ge7][%cal Rf1f8]} Rc8 40. Rf2 Nc4 {And now ...d2 would win.} 41. Bg5 Rf8 {Precision: White = 37%, Black = 85%.} 0-1

[Event "18th Bangkok Open 2018"]
[Site "Bangkok"]
[Date "2018.04.17"]
[Round "5"]
[White "Enkhtuul, Altan-Ulzii"]
[Black "Priasmoro, Novendra"]
[Result "0-1"]
[WhiteElo "2292"]
[BlackElo "2449"]
[Annotator "TA"]
[PlyCount "76"]
[EventDate "2018.??.??"]
[EventType "swiss"]
[EventCountry "THA"]
[SourceTitle "playchess.com"]
[Source "ChessBase"]
[SourceQuality "1"]

{[%evp 13,75,0,7,-4,6,-17,8,-13,20,12,24,14,17,-10,-7,-15,-10,-15,-16,-42,-31,-40,-20,-65,-33,-43,-43,-39,-47,-56,-61,-55,-58,-62,-71,-61,-62,-75,-32,-119,-127,-212,-194,-219,-170,-334,-324,-377,-349,-762,-751,-711,-673,-674,-670,-665,-613,-597,-477,-29988,-29989,-29998,-29999,-29999]} 1. d4 Nf6 2. Nf3 g6 3. Bf4 Bg7 4. e3 d6 5. h3 O-O 6. c3 Nc6 7. Be2 {A48: 1 d4 Nf6 2 Nf3 g6: Torre, London and Colle Systems} Nd7 {LiveBook: 25 Games} 8. Bg5 (8. Bh2 e5 9. Nbd2 f5 10. dxe5 dxe5 11. b4 Qe7 12. O-O g5 13. Qb3+ Kh8 14. b5 {1-0 (61) Kuzubov,Y (2695)-Firouzja,A (2549) Amol 2018}) 8... Qe8 $146 ({Predecessor:} 8... Nb6 9. Bf4 h6 10. Nbd2 Nd7 11. d5 Nce5 12. Nd4 Nc5 13. Qc2 a5 14. b3 e6 15. dxe6 Nxe6 {0-1 (58) Merkuryev,V-Sharshutin,S (2028) Kondopoga 2012}) 9. d5 {The position is equal.} Ncb8 10. O-O e5 11. dxe6 fxe6 12. Nd4 a6 13. Bf3 Ne5 {Black wants to play ...c5.} 14. Be4 d5 {...Nf7 is the strong threat.} 15. Bc2 Nc4 16. b3 Nd6 $1 17. Ne2 Nd7 18. Bf4 Nf6 19. Be5 b6 20. Nd2 Bb7 21. Rc1 Rd8 22. Ng3 Qe7 23. h4 {[%cal Bh3h4,Bh4h5][%mdl 32]} Nf7 24. Bxf6 Qxf6 25. h5 $1 Ne5 26. Qe2 (26. f4 $15) 26... Qh4 $36 {[%mdl 2048] And now ...Ng4 would win. Black is in control.} 27. Bd1 (27. Rfd1 $17) 27... Rf7 28. Nh1 g5 {[#]} 29. f4 $2 (29. h6 $1 {[%mdl 512] was called for.} Rf6 (29... Bxh6 30. Qh5) 30. Qh5 Rxh6 31. Qxh4 gxh4 32. Nf3) 29... gxf4 $19 30. exf4 Rxf4 31. Nf3 $2 (31. Rxf4 Qxf4 32. Nf2) 31... Nxf3+ 32. Rxf3 Rxf3 33. Qxf3 Qe1+ 34. Kh2 Be5+ 35. g3 Rf8 36. Qg2 (36. Qe2 $19 Bxg3+ 37. Kh3 Qxe2 38. Bxe2) 36... Rf1 {Black mates.} 37. Be2 {[#]} Rxh1+ $1 {[%mdl 512]} 38. Qxh1 Qxg3# {Precision: White = 20%, Black = 69%.} 0-1